Politik der Globalisierung
Αποθηκεύτηκε σε:
| Κύριος συγγραφέας: | |
|---|---|
| Μορφή: | Βιβλίο |
| Γλώσσα: | German |
| Δημοσίευση: |
Frankfurt am Main :
Suhrkamp,
1998
|
| Σειρά: | Edition zweite Moderne
|
| Θέματα: | |
| Ετικέτες: |
Προσθήκη ετικέτας
Δεν υπάρχουν, Καταχωρήστε ετικέτα πρώτοι!
|
MARC
| LEADER | 00000nam a2200000 i 4500 | ||
|---|---|---|---|
| 001 | 1/48961 | ||
| 008 | 070724s1998 ger d | ||
| 020 | |a 3-518-40915-8 | ||
| 035 | |l 10089061 | ||
| 040 | |a GR-MY-UA |b gre |e aacr | ||
| 041 | 0 | |a ger | |
| 082 | 0 | |a 327.101 |2 (22) | |
| 100 | 1 | |a Beck, Ulrich |d 1944- | |
| 245 | 1 | 0 | |a Politik der Globalisierung / |c herausgegeben von Ulrich Beck |
| 260 | |a Frankfurt am Main : |b Suhrkamp, |c 1998 | ||
| 300 | |a 421 σ.; |c 20 εκ. | ||
| 490 | 1 | |a Edition Zweite Moderne | |
| 504 | |a Βιβλιογραφία: σ. 420-422 | ||
| 650 | 0 | 0 | |a International relations. |
| 650 | 0 | 0 | |a World politics |y 1989- |
| 650 | 0 | 0 | |a International economic relations. |
| 830 | 0 | |a Edition zweite Moderne | |
| 852 | |a INST |b LESVOS |e 20070724 |h 327.101 BEC |p 005100041465 |q 005100041465 |t BK |y 0 | ||
| 901 | |a BIBL1-2007-2 | ||
| 909 | |a Λ |b 136892 | ||
| 922 | |a 1ΕΛΗ |b 200707 |c ΕΠΕΑΕΚ2/ΤΚ |d ΕΛΕΥΘΕΡΟΥΔΑΚΗΣ | ||
| 970 | |a ΚΑΡΑ |b ΓΙΑΣΕΜΗ |z 2007/07/24 | ||